Central Library OPAC University of Rajshahi

Readings in economics / (Record no. 2047)

MARC details
000 -LEADER
fixed length control field 00841nam a2200289 a 4500
001 - CONTROL NUMBER
control field 2047
003 - CONTROL NUMBER IDENTIFIER
rucl marc code BD-RjUL
005 - DATE AND TIME OF LATEST TRANSACTION
control field 20211208233454.0
008 - FIXED-LENGTH DATA ELEMENTS--GENERAL INFORMATION
fixed length control field 131210s1964 nyua 000 0 eng
035 ## - SYSTEM CONTROL NUMBER
System control number (BD-RjUL)2074
System control number (OCoLC)742470
040 ## - CATALOGING SOURCE
Original cataloging agency DLC
Transcribing agency OYU
Modifying agency OCoLC
-- DLC
-- BD-RjUL
Language of cataloging eng
041 ## - LANGUAGE CODE
Language code of text/sound track or separate title eng
082 00 - DEWEY DECIMAL CLASSIFICATION NUMBER
Classification number 330.82
Author mark and year REA 1964
245 10 - TITLE STATEMENT
Title Readings in economics /
Statement of responsibility, etc. edited by Paul A. Samuelson ... [et al.]
250 ## - EDITION STATEMENT
Edition statement 4th ed.
260 ## - PUBLICATION, DISTRIBUTION, ETC. (IMPRINT)
Place of publication, distribution, etc. New York :
Name of publisher, distributor, etc. McGraw-Hill,
Date of publication, distribution, etc. 1964
300 ## - PHYSICAL DESCRIPTION
Pagination x, 475 p.
Illustrations illus.
Size 26 cm.
650 #0 - SUBJECT ADDED ENTRY--TOPICAL TERM
Topical term or geographic name as entry element Economics.
9 (RLIN) 6701
700 1# - ADDED ENTRY--PERSONAL NAME
Personal name Samuelson, Paul A.
Fuller form of name (Paul Anthony),
Dates associated with a name 1915-2009,
Personal name Colen, John R.
Personal name Bishop, Robert L.
Personal name Saunders, Philip
942 ## - ADDED ENTRY ELEMENTS (KOHA)
Source of classification or shelving scheme Dewey Decimal Classification
Koha item type Books
Holdings
Lost status Source of classification or shelving scheme Damaged status Not for loan Collection code Permanent Location Current Location Shelving location Date acquired Source of acquisition Cost, normal purchase price Total Checkouts Full call number Date last seen Copy number Koha item type Date checked out
  Dewey Decimal Classification     Non-fiction Central Library, University of Rajshahi Central Library, University of Rajshahi   17/11/1965 Zeitlinger 32.00   330.82 REA 1964 10/12/2013 C-3 Books  
  Dewey Decimal Classification     Non-fiction Central Library, University of Rajshahi Central Library, University of Rajshahi   17/11/1965 Zeitlinger   2 330.82 REA 1964 22/12/2021 C-2 Books 17/12/2021
  Dewey Decimal Classification   Not For Loan Non-fiction Central Library, University of Rajshahi Central Library, University of Rajshahi Reading Room 17/11/1965 Zeitlinger 32.00   330.82 REA 1964 11/04/2019 C-1 Books